MARC

LEADER 00000naa2a2200000 4500
001 634154
005 20231101133810.0
035 |a (RuTPU)RU\TPU\conf\35939 
035 |a RU\TPU\conf\35931 
090 |a 634154 
100 |a 20220411d2021 k y0rusy50 ca 
101 0 |a rus 
102 |a RU 
105 |a y z 101zy 
135 |a drcn ---uucaa 
181 0 |a i  
182 0 |a b 
200 1 |a Диагностическая модель теплообменника аварийного и планового расхолаживания  |f Д. Ю. Фазлыев  |g науч. рук. А. В. Воробьёв 
203 |a Текст  |c электронный 
225 1 |a Теплофизические основы энергетических технологий 
230 |a 1 компьютерный файл (pdf; 482 Kb) 
300 |a Заглавие с экрана 
320 |a [Библиогр.: с. 159 (3 назв.)] 
463 0 |0 (RuTPU)RU\TPU\conf\35907  |t Бутаковские чтения  |o материалы I Всероссийской с международным участием молодежной конференции, 15-16 декабря 2021 г., Томск  |f Национальный исследовательский Томский политехнический университет, Инженерная школа энергетики ; ред. кол. В. Е. Губин, Л. В. Савостьянова, А. О. Жданова [и др.]  |v [С. 156-159]  |d 2021 
610 1 |a электронный ресурс 
610 1 |a труды учёных ТПУ 
610 1 |a диагностические модели 
610 1 |a теплообменники 
610 1 |a расхолаживание 
610 1 |a теплообменные процессы 
610 1 |a диагностирование 
610 1 |a надежность 
610 1 |a безопасность 
610 1 |a энергоблоки 
700 1 |a Фазлыев  |b Д. Ю. 
702 1 |a Воробьёв  |b А. В.  |c специалист в области энергетики  |c доцент Томского политехнического университета, кандидат технических наук  |f 1949-  |g Александр Владимирович  |2 stltpush  |4 727 
712 0 2 |a Национальный исследовательский Томский политехнический университет  |b Инженерная школа энергетики  |b Научно-образовательный центр И. Н. Бутакова (НОЦ И. Н. Бутакова)  |h 8025  |2 stltpush  |3 (RuTPU)RU\TPU\col\23504 
801 2 |a RU  |b 63413507  |c 20220415  |g RCR 
856 4 |u http://earchive.tpu.ru/handle/11683/70571 
942 |c BK